The 13 clocks and the wonderful O

Bibliographic Details
Main Author: Thurber, James
Other Authors: Searle, Ronald (illustrated)
Format: Book
Published: Great Britain : Swift Childdren's Books , 19--?
Subjects:

MARC

LEADER 00000cam a2200000 7i4500
001 0000003814
002 000004113
005 20000330.0
020 |a 0862208645 
090 0 0 |a JF   |b THU 
100 1 |a Thurber, James 
245 1 4 |a The 13 clocks and the wonderful O   |c James Thurber ; illustrated by Ronald Searle 
260 |a Great Britain :   |b Swift Childdren's Books ,   |c 19--? 
300 |a 158p. :   |b ill. ;   |c 20cm. 
650 0 0 |a Children's stories 
700 1 |a Searle, Ronald ,   |e illustrated 
999 |a 032394   |b BUKU   |c PINJAMAN   |e PERPUSTAKAAN KOMUNITI PETALING JAYA